000
00275nam a22001337a 4500
003
SGT
082
_a
370
_b
K04S
100
_a
SINGH, SONESH
245
_a
KALYUG'S CHILDREN
260
_a
NEW DELHI
_b
INDIAN PUB
_c
2004
300
_a
151
650
_a
EDUCATION
942
_2
ddc
_c
BK
999
_c
12534
_d
12534